000
00339 a2200157 4500
001
74803
020
_a
9788581930626
040
_c
Anchieta - Colégio São Paulo
100
_a
Dias, Elaine
240
1
0
_a
Heitor dos Prazeres
_l
por
245
1
0
_a
Heitor dos Prazeres
300
_a
92
362
0
_a
2013
650
4
_a
Pintura
942
_c
BK
999
_c
74803
_d
74803